LEADER 01186nam0-2200325---450- 001 990009746750403321 005 20130617145449.0 010 $a978-88-95430-13-3 035 $a000974675 035 $aFED01000974675 035 $a(Aleph)000974675FED01 035 $a000974675 100 $a20130617d2009----km-y0itay50------ba 101 2 $aita$aeng 102 $aIT 105 $aa-------001yy 200 1 $a<>torri costiere del Regno di Napoli$ela frontiera marittima e le incursioni corsare tra 16. ed il 19. secolo$d= The coastal towers of the kingdom of Naples$emaritime defence and pirate incursions between the XVI and the XIX century$fFlavio Russo 205 $a2. ed 210 $aNapoli$cESA$d2009 215 $a317 p.$cill.$d31 cm 300 $aTesto anche in inglese 510 1 $a<>coastal towers of the kingdom of Naples$emaritime defence and pirate incursions between the XVI and the XIX century 700 1$aRusso,$bFlavio$010270 801 0$aIT$bUNINA$gRICA$2UNIMARC 901 $aBK 912 $a990009746750403321 952 $aSEZ.NA C 1192$bs.i.$fFARBC 959 $aFARBC 996 $aTorri costiere del Regno di Napoli$9833732 997 $aUNINA LEADER 00798cam0-2200277 --450 001 9910436652703321 005 20210301135345.0 010 $a978-88-6218-221-8 100 $a20210301d2013----km y0itay50 ba 101 0 $aita 102 $aIT 105 $aa 001yy 200 1 $aOmbre rosse$el'affaire Rosenberg e la guerra fredda$fGiorgio Ferrari 210 $aMilano$cBookTime$d2013 215 $a189 p.$cill.$d20 cm 225 1 $aTascabili$v14 610 0 $aRosenberg, Ethel e Julius$aProcesso 676 $a355.3432$v23$zita 700 1$aFerrari,$bGiorgio$f<1954- >$0790911 801 0$aIT$bUNINA$gREICAT$2UNIMARC 901 $aBK 912 $a9910436652703321 952 $aCollez. 2798 (14)$b217/2020$fFSPBC 959 $aFSPBC 996 $aOmbre rosse$91766908 997 $aUNINA LEADER 00612oam 2200181z- 450 001 996280142303316 035 $a(CKB)3780000000082503 035 $a(EXLCZ)993780000000082503 100 $a20180903c1981uuuu -u- - 101 0 $aeng 200 00$aComputer Arithmetic (ARITH), 1981 IEEE 5th Symposium on 517 $a1981 IEEE 5th Symposium on Computer Arithmetic (ARITH) 517 $a1981 IEEE 5th Symposium on Computer Arithmetic 517 $aComputer Arithmetic 906 $aPROCEEDING 912 $a996280142303316 996 $aComputer Arithmetic (ARITH), 1981 IEEE 5th Symposium on$93405568 997 $aUNISA